000
00233nam a2200097Ia 4500
008
190216s9999||||xx |||||||||||||| ||und||
100
_a
Vogal
245
0
_a
Macro & Semimicro Qualitativw Inorganic Analysis
260
_b
Null
942
_c
BK
999
_c
1941
_d
1941